Bharatar arthanitik bikash (class XI)/ (Record no. 7490)

MARC details
000 -LEADER
fixed length control field 00676cam a2200229ua 4500
005 - DATE AND TIME OF LATEST TRANSACTION
control field 20211005114531.0
008 - FIXED-LENGTH DATA ELEMENTS--GENERAL INFORMATION
fixed length control field 170907n ii |||gr||||Z||||||asm
040 ## - CATALOGING SOURCE
Transcribing agency MAIN
Original cataloging agency IN-DiNC
041 ## - LANGUAGE CODE
Language code of sung or spoken text Assamese
082 ## - DEWEY DECIMAL CLASSIFICATION NUMBER
Classification number 330.954
Item number CHA
100 ## - MAIN ENTRY--PERSONAL NAME
Personal name Chaudhury, Rabindra Kumar,
Relator term Author
245 ## - TITLE STATEMENT
Title Bharatar arthanitik bikash (class XI)/
Statement of responsibility, etc. by Rabindra Kumar Chaudhury and Susmita Priyadarshini
250 ## - EDITION STATEMENT
Edition statement 1st.
260 ## - PUBLICATION, DISTRIBUTION, ETC.
Place of publication, distribution, etc. Guwahati:
Name of publisher, distributor, etc. Arun,
Date of publication, distribution, etc. 2010.
300 ## - PHYSICAL DESCRIPTION
Extent 272p.
650 ## - SUBJECT ADDED ENTRY--TOPICAL TERM
Topical term or geographic name entry element Indian economic development
650 ## - SUBJECT ADDED ENTRY--TOPICAL TERM
Topical term or geographic name entry element Economics for class XI
700 ## - ADDED ENTRY--PERSONAL NAME
Personal name Priyadarshani, Susmita,
Relator term Author
942 ## - ADDED ENTRY ELEMENTS (KOHA)
Koha item type Books
Source of classification or shelving scheme Dewey Decimal Classification
653 ## - INDEX TERM--UNCONTROLLED
Uncontrolled term Economics
653 ## - INDEX TERM--UNCONTROLLED
Uncontrolled term Indian economic system
Holdings
Withdrawn status Lost status Damaged status Not for loan Home library Current library Date acquired Total Checkouts Full call number Barcode Date last seen Copy number Price effective from Koha item type Date last checked out
        Central Library, Naharkatiya College Central Library, Naharkatiya College 19/09/2020   330.954 | CHO 19442 19/09/2020 4 19/09/2020 Books  
        Central Library, Naharkatiya College Central Library, Naharkatiya College 19/09/2020   330.954 | CHO 19443 19/09/2020 1 19/09/2020 Books  
        Central Library, Naharkatiya College Central Library, Naharkatiya College 19/09/2020   330.954 | CHO 19444 19/09/2020 3 19/09/2020 Books  
        Central Library, Naharkatiya College Central Library, Naharkatiya College 19/09/2020   330.954 | CHO 19445 19/09/2020 6 19/09/2020 Books  
        Central Library, Naharkatiya College Central Library, Naharkatiya College 19/09/2020 1 330.954 | CHO 20719 12/08/2021 2 19/09/2020 Books 05/04/2021
        Central Library, Naharkatiya College Central Library, Naharkatiya College 19/09/2020   330.954 | CHO 2114 19/09/2020 5 19/09/2020 Books  

Naharkatiya College © 2020. All rights reserved.

Powered By